The early universe /

Bibliographic Details
Corporate Authors: NATO Advanced Study Institute on the Early Universe Victoria, B.C., North Atlantic Treaty Organization. Scientific Affairs Division
Other Authors: Unruh, W. G.
Format: Conference Proceeding Book
Language:English
Published: Dordrecht ; Boston : D. Reidel ; [1988]
Series:NATO ASI series. Mathematical and physical sciences ; no. 219.
Subjects:

MARC

Tag First Indicator Second Indicator Subfields
LEADER 00000cam a22000008a 4500
001 in00000009001
005 20151007051445.0
008 870812s1988 ne a b 10110 eng
010 |a  87023715  
020 |a 9027726191 
035 |a (OCoLC)16684785 
035 |9 AAA3072AM 
040 |a DLC  |c DLC  |d TXA  |d UtOrBLW 
049 |a TXAM  |c [A12637292] 
050 0 0 |a QB980  |b .N38 1985 
050 4 |a QB980  |b .N38 1986 
082 0 |a 523.1  |2 19 
111 2 |a NATO Advanced Study Institute on the Early Universe  |d (1986 :  |c Victoria, B.C.) 
245 1 4 |a The early universe /  |c edited by W.G. Unruh and G.W. Semenoff. 
263 |a 8709 
264 1 |a Dordrecht ;  |a Boston :  |b D. Reidel ;  |c [1988] 
264 2 |a Norwell, MA, U.S.A. :  |b Sold and distributed in the U.S.A. and Canada by Kluwer Academic Publishers, 
264 4 |c ©1988 
300 |a xii, 421 pages :  |b illustrations 
336 |a text  |b txt  |2 rdacontent 
337 |a unmediated  |b n  |2 rdamedia 
338 |a volume  |b nc  |2 rdacarrier 
490 1 |a NATO ASI series. Series C, Mathematical and physical sciences ;  |v vol. 219 
500 |a "Proceedings of the NATO Advanced Study Institute on The Early Universe, Victoria, B.C., Canada, August 17-30, 1986"--Title page verso. 
500 |a "Published in cooperation with NATO Scientific Affairs Division." 
504 |a Includes bibliographies and index. 
650 0 |a Cosmology  |v Congresses. 
650 0 |a Nuclear astrophysics  |v Congresses. 
700 1 |a Unruh, W. G. 
710 2 |a North Atlantic Treaty Organization.  |b Scientific Affairs Division. 
830 0 |a NATO ASI series.  |n Series C,  |p Mathematical and physical sciences ;  |v no. 219. 
999 |a MARS 
999 f f |s 12c44d43-24c3-397e-ab2d-aa833128fd1d  |i 16848067-fbde-396c-b6c9-cad94d3cf8ad  |t 0 
952 f f |p normal  |a Texas A&M University  |b College Station  |c Sterling C. Evans Library  |d Evans: Library Stacks  |t 0  |e QB980 .N38 1986  |h Library of Congress classification  |i unmediated -- volume  |m A14812637292 
998 f f |a QB980 .N38 1986  |t 0  |l Evans: Library Stacks